Historia y geografía 6
Salvato in:
| Autore principale: | |
|---|---|
| Altri autori: | |
| Natura: | Libro |
| Lingua: | spagnolo |
| Pubblicazione: |
Santiago
Universitaria
1998
|
| Soggetti: | |
| Tags: |
Aggiungi Tag
Nessun Tag, puoi essere il primo ad aggiungerne!!
|
MARC
| LEADER | 00000nam a2200000 a 4500 | ||
|---|---|---|---|
| 001 | UCP1518 | ||
| 003 | CL-VaPUC | ||
| 008 | 990416e19980000CL |||||||||||||||||spa|d | ||
| 082 | 0 | 4 | |a 372.89 |b KRE |2 21 |
| 100 | |a Krebs Kaulen, Andrea |e author |9 495419 | ||
| 700 | |a Matte Lira, Verónica |e autora |9 495585 | ||
| 245 | 1 | 0 | |a Historia y geografía 6 |
| 300 | |a 176 p | ||
| 942 | |c BK | ||
| 945 | |d 19990416 00:00:00 |a rbrito | ||
| 260 | |a Santiago |b Universitaria |c 1998 | ||
| 650 | 0 | |a Enseñanza de la historia |9 307330 | |
| 650 | 0 | |a Enseñanza de la geografía |9 310005 | |
| 650 | 0 | |a Métodos de enseñanza |9 270413 | |
| 583 | |a last modification |c 19990416 00:00:00 |k Rodrigo Vera | ||
| 999 | |c 280188 |d 280186 | ||
| 952 | |0 0 |1 0 |4 0 |6 372_890000000000000_KRE_1998 |7 0 |8 P |9 320382 |a BIBEDU |b BIBEDU |c BIBEDU_PB |d 2019-11-20 |i 3460738 |o 372.89 KRE 1998 |p 3460738 |r 2024-01-25 |w 2019-11-20 |y BK |k EPE | ||
| 952 | |0 0 |1 0 |4 0 |6 372_890000000000000_KRE_1998 |7 0 |8 P |9 320383 |a BIBEDU |b BIBEDU |c BIBEDU_PB |d 2019-11-20 |i 3460746 |o 372.89 KRE 1998 |p 3460746 |r 2024-01-25 |w 2019-11-20 |y BK |k EPE | ||